Catálogo
 En Linea

Obras I / (Registro nro. 26399)

Detalles MARC
000 -CABECERA
campo de control de longitud fija 00948nam a2200277 i 4500
001 - NÚMERO DE CONTROL
campo de control 000026907
003 - IDENTIFICADOR DEL NÚMERO DE CONTROL
campo de control DO-SdBNP
005 - FECHA Y HORA DE LA ÚLTIMA TRANSACCIÓN
campo de control 20260519134620.0
007 - CAMPO FIJO DE DESCRIPCIÓN FÍSICA--INFORMACIÓN GENERAL
campo de control de longitud fija ta
008 - DATOS DE LONGITUD FIJA--INFORMACIÓN GENERAL
campo de control de longitud fija 110328s1975 dr ac 000 0 spa d
040 ## - FUENTE DE LA CATALOGACIÓN
Centro catalogador/agencia de origen DO-SdBNP
Lengua de catalogación spa
Centro/agencia transcriptor BNPHU
Normas de descripción rda
041 ## - CÓDIGO DE LENGUA
Código de lengua del texto/banda sonora o título independiente spa
082 #4 - NÚMERO DE LA CLASIFICACIÓN DECIMAL DEWEY
Número de clasificación xxx
Número de documento/Ítem xxx
Número de edición 22
100 1# - ENTRADA PRINCIPAL--NOMBRE DE PERSONA
Nombre de persona Castellanos, Rafael C.,
Término indicativo de función/relación autor
Código de función/relación aut,
9 (RLIN) 54014
245 10 - MENCIÓN DE TÍTULO
Título Obras I /
Mención de responsabilidad, etc. Rafael C. Castellanos ; presentación, Octavio Antonio Beras Rojas.
264 #1 - PRODUCCIÓN, PUBLICACIÓN, DISTRIBUCIÓN, FABRICACIÓN Y COPYRIGHT
Producción, publicación, distribución, fabricación y copyright Santo Domingo :
Nombre del de productor, editor, distribuidor, fabricante editor no identificado,
Fecha de producción, publicación, distribución, fabricación o copyright 1975.
300 ## - DESCRIPCIÓN FÍSICA
Extensión 648 páginas :
Otras características físicas ilustraciones, retratos ;
Dimensiones 24 cm.
336 ## - TIPO DE CONTENIDO
Término de tipo de contenido texto
Código de tipo de contenido txt
Fuente rdacontent
337 ## - TIPO DE MEDIO
Nombre/término del tipo de medio sin mediación
Código del tipo de medio n
Fuente rdamedia
338 ## - TIPO DE SOPORTE
Nombre/término del tipo de soporte volumen
Código del tipo de soporte nc
Fuente rdacarrier
500 ## - NOTA GENERAL
Nota general Edición conmemorativa del Primer Centenario de su Nacimiento 1875- 6 de agosto - 1975
590 ## - NOTA LOCAL (RLIN)
Nota local Inventariado, 2024/DG
700 1# - PUNTO DE ACCESO ADICIONAL--NOMBRE DE PERSONA
Nombre de persona Beras Rojas, Octavio Antonio,
Término indicativo de función/relación presentación
9 (RLIN) 54015
910 ## - DATOS DE OPCIÓN DEL USUARIO (OCLC)
Datos de opción del usuario DG
942 ## - ELEMENTOS DE PUNTO DE ACCESO ADICIONAL (KOHA)
Fuente del sistema de clasificación o colocación Dewey Decimal Classification
Tipo de ítem Koha Libro
Existencias
Estado de retiro Estado de pérdida Fuente del sistema de clasificación o colocación Restricciones de uso No para préstamo Código de colección Localización permanente Ubicación/localización actual Ubicación en estantería Fecha de adquisición Fuente de adquisición Total de préstamos Signatura topográfica completa Código de barras Fecha visto por última vez Precio válido a partir de Tipo de ítem Koha Nota pública Número de copia
    Dewey Decimal Classification Excluido de préstamo   Patrimonio Dominicano Biblioteca Nacional Pedro Henríquez Ureña Biblioteca Nacional Pedro Henríquez Ureña En catalogación 28.03.2011 Donación   BNPHU PD 26907-10 25.06.2020 25.06.2020 Libro Perteneció a la biblioteca de Germán Emilio Ornes.  
    Dewey Decimal Classification Excluido de préstamo   Patrimonio Dominicano Biblioteca Nacional Pedro Henríquez Ureña Biblioteca Nacional Pedro Henríquez Ureña En catalogación 30.09.2024 Donado por la Presidencia de la República Dominicana 2023.   BNPHU PD 2024-5471 30.09.2024 30.09.2024 Libro Pertenecio a la biblioteca personal de Emilio Cordero Michel. e.2
    Dewey Decimal Classification Préstamo en sala   Dominicana de Servicio Biblioteca Nacional Pedro Henríquez Ureña Biblioteca Nacional Pedro Henríquez Ureña En catalogación 02.10.2024 Donado por la Presidencia de la República Dominicana 2023.   BNPHU DS 2024-5539 02.10.2024 02.10.2024 Libro Pertenecio a la biblioteca personal de Emilio Cordero Michel. e.3
    Dewey Decimal Classification Préstamo en sala   Dominicana de Servicio Biblioteca Nacional Pedro Henríquez Ureña Biblioteca Nacional Pedro Henríquez Ureña En catalogación 03.10.2024 Donado por la Presidencia de la República Dominicana 2023.   BNPHU DS 2024-5542 03.10.2024 03.10.2024 Libro Pertenecio a la biblioteca personal de Emilio Cordero Michel. e.4

Con tecnología Koha